000 00769nmc a2200301 a 4500
003 AR-BaBNM
005 20251128211747.0
008 206020sc200 ||||||||||||||000 | spa||
020 _a84-205-3527-3
040 _cAR-BaBNM
100 1 _aPauk, Walter
245 1 0 _aEstrategias de estudio
260 _aMadrid
_bPearson-Prentice Hall
_cc2002
300 0 _a202 p.
490 0 _aTú mism@
650 4 _aMETODOS DE ESTUDIO
650 4 _aCONCENTRACION
650 4 _aMEMORIA
650 4 _aVOCABULARIO
650 4 _aRESUMENES
650 4 _aEXAMENES
650 4 _aPROCESO DE LECTURA
650 4 _aTRABAJO DE INVESTIGACION
700 1 _aMartos, Ana
_etraductor
700 1 _aCastillo Arredondo, Santiago
_erevisión
942 _cBK
998 _cme-solo cat
999 _c20995
_d20995